LEADER 01313nam a2200289 u 4500 001 000000030459 003 CaOOAMICUS 005 20070226112029.0 008 970916s1969 fr u000 u fre u 035 $a10769483 040 $aPUL(R)$bita 100 1 $aLégasse, Simon.$0(OLS)http://pul/name/23265 245 10$aJésus et l'enfant :$b{mlrhring}enfants{AF}, {mlrhring}petits{AF} et {mlrhring}simples{AF} dans la tradition synoptique /$cpar S. Légasse .. 260 $aParis :$bJ. Gabalda,$c1969. 300 $a375 p. ;$c25 cm 490 1 $aEtudes bibliques 500 $aIndici : p. [343]-375. 504 $a"Bibliographie" : p.[11]-15. 830 0$aEtudes bibliques.$0(OLS)http://pul/title/4591 850 $aPUL 852 $aPUL$W1$xSL Religione 1$y3$m5 G 62$j42085$nBK-PRI$b $qStampati$B42085$CPULBib$Z2$F42085 $H $81 852 $aPUL$W1$xSL Religione 1$y3$m5 G 79$j42086$nBK-PRI$b $qStampati$B42086$CPULBib$Z2$F42086 $H $81 941 1 $a8 961 $aINV: 39872 961 $aINV: 46950 996 $6245$aJésus et l'enfant :$b{mlrhring}enfants{AF}, {mlrhring}petits{AF} et {mlrhring}simples{AF} dans la tradition synoptique$9(OLS)http://pul/title/41847 996 $6260$aParis :$bJ. Gabalda$9(OLS)http://pul/publisher/48260 LEADER 00966nam a2200253 a 4500 001 000000170639 003 CaOOAMICUS 005 20181121105747.0 008 181121s1941 it af u000 u ita r 032 $aLibriCat 040 $aPUL$bita 100 1 $aEredia, Filippo,$d1877-$0(OLS)http://pul/name/56818 245 10$aNuovi orizzonti della meteorologia /$cdi Filippo Eredia. 260 $aMilano :$bBompiani,$c1941. 300 $a240 p., XXXII p. di tav. :$bill. ;$c20 cm. 490 1 $aAvventure del pensiero ;$v36 650 4$aMeteorologia.$0(OLS)http://pul/subject/11301 830 0$aAvventure del pensiero ;$v36.$0(OLS)http://pul/title/15860 850 $aPUL 852 $aPUL$W1$xDP1 Fondo Cecchetti$y53$m260 D 4$j193546$qFondi$B199036$CPULBib$Z2$F199036 $81 941 1 $a1 996 $6245$aNuovi orizzonti della meteorologia$9(OLS)http://pul/title/211445 996 $6260$aMilano :$bBompiani$9(OLS)http://pul/publisher/48240